Normal view MARC view
  • Maldonado Granados, Luis Facundo

Entry Nombre Personal

Number of records used in: 5

001 - NUMERO DE CONTROL

  • campo de control: 39936

003 - IDENTIFICADOR DE NUMERO DE CONTROL

  • campo de control: UPN

005 - FECHA Y HORA DE LA ÜLTIMA TRANSACCIÓN

  • campo de control: 20210219194551.0

008 - DATOS DE LONGITUD FIJA

  • campo de control de longitud fija: nabaccnnaabn|||||||||| b |nc|||||d

035 ## - NUMERO DE CONTROL

  • Número de control: UPN11000012043

040 ## - FUENTE DE CATALOGACIÓN

  • Lenguaje de catalogación: SPA
  • Agencia de transcripción: UPN

100 1# - ENCABEZAMIENTO - NOMBRE PERSONAL

  • Nombre personal: Maldonado Granados, Luis Facundo

670 ## - FUENTE EN LA QUE SE LOCALIZARON DATOS

  • Cita de la fuente: T
  • Información localizada: http://www.iconk.org/web/index.php?option=com_content&view=article&id=106:l&catid=42:a&Itemid=226&lang=es

680 ## - NOTA PUBLICA DE ACCESO PÚBLICO

  • Frase explicativa de la referencia: Colombia. Líder y miembro fundador del Grupo de investigación TECNICE. En la Universidad Pedagógica Nacional fue docente investigador, coordinador del Programa Institucional de Pedagogía y Didáctica, coordinador fundador del Centro Informática, de los Programas de Magíster y de Especialización en Tecnologías de la Información y la Comunicación para el Sector Educativo y de la línea doctoral en Inteligencia Artificial y razonamiento en Ciencias. En la Universidad Nacional Abierta y a Distancia fue investigador en la línea de aulas digitales para el aprendizaje y coordinador del Sistema Nacional de Investigación. Actualmente es Docente Investigador en el Departamento de Matemáticas de la Universidad Central.

902 ## - CATALOGADOR

  • Catalogador: EMR/100317